Southville International School and Colleges
Your cart is empty.
  • Cart
  • Lists
    Public lists Eva Luna New books Lux_list list_1
    Your lists Log in to create your own lists
  • Log in to your account
  • Your cookies
  • Search history
Southville International School and Colleges
  • Advanced search
  • Recent comments
  • Most popular
  • Libraries

Log in to your account

Log in with GOOGLE


If you do not have an external account, but do have a local account, you can still log in:

  1. Home
  2. MARC view: Why the pina has a hundred eyes :
Normal view MARC view ISBD view

Why the pina has a hundred eyes : (Record no. 110564)

[ view plain ]
MARC details
000 -LEADER
fixed length control field 00719nam a2200205 a 4500
001 - CONTROL NUMBER
control field 2526
005 - DATE AND TIME OF LATEST TRANSACTION
control field 20140414131859.0
008 - FIXED-LENGTH DATA ELEMENTS--GENERAL INFORMATION
fixed length control field 050602s19uu xx 00 eng d
020 ## - INTERNATIONAL STANDARD BOOK NUMBER
International Standard Book Number 971-630-023-9
050 ## - LIBRARY OF CONGRESS CALL NUMBER
Classification number FIL 398.2
Item number S1 1993
100 ## - MAIN ENTRY--PERSONAL NAME
Personal name Sta. Romana-Cruz, Neni
245 ## - TITLE STATEMENT
Title Why the pina has a hundred eyes :
Remainder of title and other classic Philippine folk tales about fruits /
Statement of responsibility, etc as told by Neni Sta. Romana-Cruz ; illustrated by Felix Mago Miguel.
260 ## - PUBLICATION, DISTRIBUTION, ETC. (IMPRINT)
Place of publication, distribution, etc Manila :
Name of publisher, distributor, etc Tahana Books for Young Readers,
Date of publication, distribution, etc 1993.
300 ## - PHYSICAL DESCRIPTION
Extent 55 p. : ill. ; cm.
500 ## - GENERAL NOTE
General note National Book Award for Children's Literature
650 ## - SUBJECT ADDED ENTRY--TOPICAL TERM
Topical term or geographic name as entry element Folktales
General subdivision Philippines.
650 ## - SUBJECT ADDED ENTRY--TOPICAL TERM
Topical term or geographic name as entry element Children stories.
Holdings
Withdrawn status Lost status Damaged status Use restrictions Home library Current library Shelving location Date acquired Source of acquisition Total Checkouts Full call number Barcode Date last seen Price effective from Koha item type
        Munich Library Munich Library Filipiniana Section 10/13/2006     FIL 398.2 S1 1993 M1000 04/14/2014 04/14/2014 Books
        Munich Library Munich Library Filipiniana Section 09/13/2010     FIL 398.2 S1 1993 M1054 04/14/2014 04/14/2014 Books

Why the pina has a hundred eyes :

APA

Sta. Romana-Cruz N., . (1993). Why the pina has a hundred eyes. Manila: Tahana Books for Young Readers.

Chicago

Sta. Romana-Cruz Neni, . 1993. Why the pina has a hundred eyes. Manila: Tahana Books for Young Readers.

Harvard

Sta. Romana-Cruz N., . (1993). Why the pina has a hundred eyes. Manila: Tahana Books for Young Readers.

MLA

Sta. Romana-Cruz Neni, . Why the pina has a hundred eyes. Manila: Tahana Books for Young Readers. 1993.

  • Place hold
  • Print
  • Cite
  • Add to your cart (remove)
  • Save record
    BIBTEX Dublin Core MARCXML MARC (non-Unicode/MARC-8) MARC (Unicode/UTF-8) MARC (Unicode/UTF-8, Standard) MODS (XML) RIS
  • More searches
    Search for this title in:
    Other Libraries (WorldCat) Other Databases (Google Scholar) Online Stores (Bookfinder.com) Open Library (openlibrary.org)

Exporting to Dublin Core...

SOUTHVILLE LIBRARY

Southville International School and Colleges Library

1281 Tropical Ave. Cor. Luxembourg St., BF Homes International, Las Pinas City

Tel. No. 8256374 / 252358 Loc. 117/146

Powered by Koha